Thomas Hardy by any 3 Letters Quiz Stats

 Plays Quiz not verified by Sporcle

Score 0/88 Timer 01:30
0 Plays Today
Year Title % Correct
1891Tony Kytes, the Arch-Deceiver
98.3%
1874Far from the Madding Crowd
97.7%
1891Tess of the d'Urbervilles
97.7%
1878The Return of the Native
97.7%
1886The Mayor of Casterbridge
97.7%
1867The Poor Man and the Lady
97.1%
1872Under the Greenwood Tree
97.1%
1895Jude the Obscure
97.1%
1889The First Countess of Wessex
97.1%
1887The Woodlanders
96.6%
1897The Grave by the Handpost
96.6%
1877The Thieves Who Couldn't Stop Sneezing
96.6%
1881What The Shepherd Saw
96.6%
1883The Romantic Adventures of a Milkmaid
96.6%
1890The Melancholy Hussar of The German Legion
96.6%
1891The Superstitious Man's Story
96.6%
1896A Committee-Man of 'The Terror'
96.6%
1909Time's Laughingstocks and Other Verses
96.6%
1922Late Lyrics and Earlier with Many Other Verses
96.6%
1876The Hand of Ethelberta
96%
1879The Distracted Preacher
96%
1884Interlopers at the Knap
96%
1887-1888The Waiting Supper
96%
1890The Lady Icenway
96%
1890The Lady Penelope
96%
1890The Marchioness of Stonehenge
96%
1890Barbara of the House of Grebe
96%
1891The Winters and the Palmleys
96%
1891The History of the Hardcomes
96%
1891On The Western Circuit
96%
Year Title % Correct
1894The Spectre of the Real
96%
1898Wessex Poems and Other Verses
96%
2001Thomas Hardy: The Complete Poems
96%
1880The Trumpet-Major
95.4%
1881The Honourable Laura
95.4%
1883The Three Strangers
95.4%
1888The Withered Arm
95.4%
1891Andrey Satchel and the Parson and Clerk
95.4%
1896The Duke's Reappearance
95.4%
1911Blue Jimmy: The Horse Stealer
95.4%
1992The Unconquerable
95.4%
1901Poems of the Past and the Present
95.4%
1878The Duchess of Hamptonshire
94.8%
1891The Doctor's Legend
94.8%
1891The Son's Veto
94.8%
1893The Fiddler of the Reels
94.8%
1976The Complete Poems
94.8%
1897The Well-Beloved
94.3%
1925Human Shows, Far Phantasies, Songs and Trifles
87.4%
1996Thomas Hardy: Selected Poetry and Nonfictional Prose
81.6%
1882A Tradition of Eighteen Hundred and Four
80.5%
1928Winter Words in Various Moods and Metres
80.5%
1874Destiny and a Blue Cloak
78.7%
1891Old Andrey's Experience as a Musician
78.2%
1894An Imaginative Woman
56.3%
1900A Changed Man
54%
1891A Few Crusted Characters: Introduction
53.4%
1888Tragedy of Two Ambitions
48.3%
1871Desperate Remedies
41.4%
1893Master John Horseleigh, Knight
41.4%
Year Title % Correct
1882Two on a Tower
38.5%
1885A Mere Interlude
36.8%
1890Squire Petrick's Lady
36.2%
1917Moments of Vision
36.2%
1891Absent-Mindedness in a Parish Choir
35.1%
1891For Conscience' Sake
34.5%
1891Incident in Mr. Crookhill's Life
32.2%
1900Enter a Dragoon
31.6%
1892-1893Our Exploits At West Poley
31%
1890Lady Mottisfont
29.9%
1880Fellow-Townsmen
29.3%
1885A Tryst at an Ancient Earthwork
29.3%
1919Collected Poems
29.3%
1929Old Mrs. Chundle
28.7%
1890Anna, Lady Baxby
28.2%
1873A Pair of Blue Eyes
27%
1995Hardy: Poems
25.3%
1888Wessex Tales
24.1%
1891Netty Sargent's Copyhold
23%
1993Selected Poems
23%
1998Selected Poems
23%
1914Satires of Circumstance
22.4%
1894Life's Little Ironies
19.5%
1891To Please His Wife
17.2%
1891A Group of Noble Dames
15.5%
1865How I Built Myself A House
14.4%
1881A Laodicean
9.2%
1887Alicia's Diary
4%

You're not logged in!

Compare scores with friends on all Sporcle quizzes.
OR
Log In

Show Comments

Extras

Top Quizzes Today


Score Distribution

Your Account Isn't Verified!

In order to create a playlist on Sporcle, you need to verify the email address you used during registration. Go to your Sporcle Settings to finish the process.

Report this User

Report this user for behavior that violates our Community Guidelines.

Details: